Religion Quiz

Random Religion or Bible Quiz
Score 0/20 Timer 06:00
0 Plays Today
Quote Bible or Shakespeare? % Correct
Let not thy left hand know what thy right hand doeth???
75.1%
Whoso findeth a wife findeth a good thing???
71.1%
Weeping may endure for a night, but joy cometh in the morning???
70.7%
Lord, what fools these mortals be!???
68.6%
For we brought nothing into this world, and it is certain we can carry nothing out???
65.9%
The better part of valor is discretion???
64.5%
Uneasy lies the head that wears a crown???
64.4%
What a piece of work is a man???
64.1%
For there is nothing either good or bad, but thinking makes it so???
62.1%
This above all: to thine own self be true???
61.8%
Quote Bible or Shakespeare? % Correct
Give me my robe, put on my crown; I have Immortal longings in me???
61.7%
All that glisters is not gold???
60.7%
For what is your life? It is even a vapour, that appeareth for a little time, and then vanisheth away.???
60.1%
Vanity of vanities; all is vanity???
54.8%
Yet man is born unto trouble, as the sparks fly upward.???
54%
Oh that my head were waters, and mine eyes a fountain of tears???
52.7%
Neither a borrower nor a lender be???
50.8%
A merry heart doeth good like a medicine???
50.2%
How poor are they that have not patience!???
41.6%
Stay me with flagons, comfort me with apples: for I am sick of love.???
38.6%

You're not logged in!

Compare scores with friends on all Sporcle quizzes.
OR
Log In

Sporcle TV

Today on Sporcle TV


Watch our educational content, quiz creation guides, and fun videos on Sporcle TV.

Show Comments

Extras

Top Quizzes Today


Score Distribution

Your Account Isn't Verified!

In order to create a playlist on Sporcle, you need to verify the email address you used during registration. Go to your Sporcle Settings to finish the process.

Report this User

Report this user for behavior that violates our Community Guidelines.

Details: